[Event "D4R7 Colomiers/Lardenne"]
[Site "Colomiers"]
[Date "2004.04.04"]
[Round "7.1"]
[White "Hantisse, Alain"]
[Black "Cwiek, Loic"]
[Result "0-1"]
[WhiteElo "1870"]
[BlackElo "2046"]
[EventDate "2004.??.??"]
[PlyCount "118"]

1.e4 c5 2.Nf3 Nc6 3.d4 cxd4 4.Nxd4 g6 5.Nc3 Bg7 6.Be3 Nf6 7.Be2 O-O 8.O-O 
d5 9.exd5 Nxd5 10.Nxc6 bxc6 11.Nxd5 cxd5 12.c3 e5 13.Bf3 Bb7 14.Qb3 Qd7 
15.Rfd1 Rfd8 16.Rd2 Bc6 17.Rad1 Rab8 18.Qa3 d4 19.Bxc6 Qxc6 20.cxd4 exd4 
21.Bf4 Rb7 22.b3 Rbd7 23.Rd3 Re8 24.Qc1 Qxc1 25.Bxc1 Re2 26.Bd2 Rde7 27.
Kf1 f5 28.Re1 Rxe1+ 29.Bxe1 Kf7 30.Bb4 Rc7 31.Ke2 Ke6 32.Rd1 Rc2+ 33.Rd2 
Rxd2+ 34.Kxd2 Kd5 35.Kd3 Be5 36.h3 g5 37.Ba3 h5 38.Bb2 g4 39.b4 f4 40.hxg4
f3 41.g3 hxg4 42.a4 Bd6 43.Bxd4 Bxb4 44.Bxa7 Ba5 45.Bd4 Bc7 46.Bc3 Bb6 47.
Be1 Bd4 48.a5 Ba7 49.a6 Bd4 50.Bd2 Bxf2 51.Be3 Bxe3 52.Kxe3 Kc6 53.Kf2 Kb6
54.Kf1 Kxa6 55.Kf2 Kb5 56.Kf1 Kc4 57.Kf2 Kd3 58.Kf1 f2 59.Kxf2 Kd2 0-1

[Event "D4R7 Colomiers-Lardenne"]
[Site "Colomiers"]
[Date "2004.04.04"]
[Round "7.5"]
[White "Amblard, Philippe"]
[Black "Reynes, Philippe"]
[Result "0-1"]
[WhiteElo "1490"]
[BlackElo "1700"]
[EventDate "2004.??.??"]
[PlyCount "115"]

1.e4 d5 2.exd5 Qxd5 3.Nc3 Qd8 4.Nf3 g6 5.Bc4 Bg7 6.d3 Nf6 7.Be3 O-O 8.O-O 
b6 9.Ng5 Bb7 10.Nxf7 Rxf7 11.Bxf7+ Kxf7 12.Re1 Na6 13.Qe2 Qd7 14.a3 Re8 
15.Rad1 Kg8 16.f3 Nd5 17.Nxd5 Qxd5 18.c3 c5 19.d4 c4 20.Kh1 Nc7 21.Bc1 b5 
22.Kg1 Qd6 23.Kh1 Bd5 24.Be3 Ne6 25.Qd2 Rf8 26.Bf2 Nf4 27.Bg3 Bh6 28.Qc2 
e6 29.Bxf4 Bxf4 30.h3 Bg3 31.Rf1 Qf4 32.Qe2 Bh4 33.Qe5 Qxe5 34.dxe5 Bg3 
35.Rd2 Bxe5 36.Re2 Bg7 37.Rfe1 Re8 38.Kg1 a5 39.Kf2 Kf7 40.g3 Rb8 41.Ra1 
Rb7 42.a4 b4 43.Rc2 bxc3 44.bxc3 Rb3 45.Ke2 Rxc3 46.Rxc3 Bxc3 47.Rb1 Bb4 
48.Rb2 c3 49.Rb1 c2 50.Rc1 Bb3 51.Kd3 Ba3 52.Rxc2 Bxc2+ 53.Kxc2 Kf6 54.Kd3
Ke5 55.f4+ Kd5 56.Kc3 Ke4 57.Kc4 Kf3 58.Kb5 0-1

[Event "R1Basse2-Vic/Libre Echiquier"]
[Site "?"]
[Date "2004.04.04"]
[Round "7.5"]
[White "Hochet, Yannick"]
[Black "NN"]
[Result "1-0"]
[WhiteElo "1530"]
[BlackElo "1480"]
[EventDate "2004.04.04"]
[PlyCount "121"]

1.e4 d6 2.d4 e6 3.Nf3 Nf6 4.Bd3 g6 5.Bg5 Bg7 6.e5 O-O 7.exf6 Bxf6 8.Bxf6 
Qxf6 9.O-O Nc6 10.c3 a6 11.Nbd2 d5 12.Re1 Ne7 13.Ne5 Qg7 14.Nf1 b6 15.Ng3 
c5 16.Bc2 c4 17.Qe2 b5 18.Rad1 a5 19.b3 b4 20.cxb4 axb4 21.bxc4 Rxa2 22.
Qd3 Ra3 23.Qe2 Rc3 24.Rb1 f6 25.Nf3 Rxc4 26.Bd3 Rc7 27.Rxb4 Bd7 28.Reb1 
Nc6 29.Rb7 Rfc8 30.Rxc7 Rxc7 31.h3 Ne7 32.Ba6 Bc6 33.Qxe6+ Kh8 34.Rb8+ Ng8
35.Rc8 Bd7 36.Rxg8+ Qxg8 37.Qxf6+ Qg7 38.Qd8+ Be8 39.Qxe8+ Qg8 40.Qe5+ Rg7
41.Ng5 h6 42.Ne6 Kh7 43.Nxg7 Qxg7 44.Qxd5 h5 45.Bd3 Kh6 46.Ne4 Qc7 47.Qg5+
Kh7 48.Nf6+ Kg7 49.Qxg6+ Kf8 50.Qg8+ Ke7 51.Nd5+ Kd6 52.Nxc7 Kxc7 53.Qg6 
h4 54.d5 Kd7 55.Qe6+ Kc7 56.d6+ Kc6 57.d7+ Kc5 58.d8=Q Kb4 59.Qc6 Kb3 60.
Qb8+ Ka3 61.Qa6# 1-0

[Event "R1Basse2-Vic/Libre Echiquier"]
[Site "?"]
[Date "2004.04.04"]
[Round "7.3"]
[White "Lavole, Olivier"]
[Black "NN"]
[Result "1-0"]
[WhiteElo "1610"]
[BlackElo "1499"]
[EventDate "2004.04.04"]
[PlyCount "91"]

1.d4 d5 2.c4 dxc4 3.e3 g6 4.Bxc4 Be6 5.Bd3 c6 6.Nf3 f6 7.O-O Bg7 8.Nc3 Nh6
9.Qc2 Nf5 10.Rd1 O-O 11.Ne4 Bd5 12.a3 e6 13.Bd2 Ne7 14.Be2 f5 15.Nc5 Qc7 
16.Rac1 Nd7 17.e4 fxe4 18.Nxe4 Nf6 19.Nxf6+ Rxf6 20.Bg5 Rff8 21.Qc5 Bf6 
22.Bh6 Bg7 23.Bd2 Nf5 24.Bc3 Nd6 25.b4 Ne4 26.Qa5 Qd7 27.b5 Bh6 28.Rb1 b6 
29.Qb4 Ng5 30.Ne5 Qd8 31.bxc6 Qf6 32.Ng4 Qg7 33.Bd2 Nh3+ 34.gxh3 Bxd2 35.
Qxd2 h5 36.Ne5 Qe7 37.Nxg6 Qf6 38.Nxf8 Rxf8 39.Qe3 h4 40.Bg4 Qg6 41.c7 Bf3
42.Qxe6+ Kh7 43.Qxg6+ Kxg6 44.Bxf3 Kf5 45.Bg4+ Kf4 46.c8=Q 1-0

[Event "R1Basse2-Vic/Libre Echiquier"]
[Site "?"]
[Date "2004.04.04"]
[Round "7.1"]
[White "Grelier, Gilles"]
[Black "NN"]
[Result "1-0"]
[WhiteElo "1980"]
[BlackElo "1540"]
[EventDate "2004.04.04"]
[PlyCount "49"]

1.d4 e6 2.c4 d5 3.Nc3 c6 4.e4 Nf6 5.e5 Nfd7 6.f4 dxc4 7.Bxc4 b5 8.Bb3 Nb6 
9.Nf3 Be7 10.O-O Nd5 11.Bd2 a5 12.Qe1 O-O 13.Qg3 f5 14.exf6 Bxf6 15.Rae1 
a4 16.Bc2 Na6 17.Ne5 Ndb4 18.Bb1 Bxe5 19.fxe5 Qxd4+ 20.Be3 Rxf1+ 21.Rxf1 
Qd8 22.Qh3 g6 23.Bh6 Qd4+ 24.Kh1 Bd7 25.Qf3 1-0

[Event "R1Basse2-Libre Echiquier/Vic"]
[Site "?"]
[Date "2004.04.04"]
[Round "7.4"]
[White "NN"]
[Black "Prieur, Axel"]
[Result "0-1"]
[WhiteElo "1460"]
[BlackElo "1510"]
[EventDate "2004.04.04"]
[PlyCount "98"]

1.c4 e5 2.Nc3 Nf6 3.Nf3 d6 4.d4 exd4 5.Nd5 c5 6.Qa4+ Bd7 7.Qb3 b6 8.Bf4 
Be6 9.Qb5+ Nbd7 10.Qc6 Bxd5 11.cxd5 Rc8 12.Qa4 Nxd5 13.Bd2 Rc7 14.g3 Be7 
15.Bg2 O-O 16.O-O N5f6 17.Rac1 Ne5 18.Rc2 Qd7 19.Qa6 Rb8 20.Rfc1 b5 21.
Nxd4 Rb6 22.Qa3 d5 23.f4 Nc4 24.Qd3 cxd4 25.Ba5 Nxb2 26.Qb3 Rxc2 27.Rxc2 
Ra6 28.Bb4 Bxb4 29.Rxb2 Bc3 30.Qxb5 Bxb2 31.Qxa6 Qc7 32.Bh3 g6 33.Qxf6 
Qc1+ 34.Kg2 d3 35.Qd8+ Kg7 36.exd3 Qd2+ 37.Kh1 Bd4 38.Qe7 Qf2 39.Qe5+ Bxe5
40.fxe5 Qxa2 41.e6 fxe6 42.Bxe6 Qb1+ 43.Kg2 Qxd3 44.h4 a5 45.Kh3 a4 46.Kg4
Qe2+ 47.Kg5 Qxe6 48.h5 Qf5+ 49.Kh4 g5# 0-1

[Event "R1Basse2-Libre Echiquier/Vic"]
[Site "?"]
[Date "2004.04.04"]
[Round "7.2"]
[White "NN"]
[Black "Giraut, Laurent"]
[Result "0-1"]
[WhiteElo "1640"]
[BlackElo "1910"]
[EventDate "2004.04.04"]
[PlyCount "92"]

1.e4 c5 2.Nf3 Nc6 3.c4 d6 4.Nc3 Nf6 5.d3 g6 6.Be2 Bg7 7.O-O O-O 8.a3 a6 9.
Qc2 Bd7 10.Be3 Ng4 11.Bd2 Rb8 12.h3 Nge5 13.Nxe5 Bxe5 14.Be3 Nd4 15.Bxd4 
Bxd4 16.Rab1 b5 17.b3 b4 18.axb4 cxb4 19.Nd5 e6 20.Ne3 Qb6 21.Qc1 a5 22.
Nc2 Bg7 23.Qe3 Qc7 24.d4 d5 25.exd5 exd5 26.c5 Rfe8 27.Qd2 Bh6 28.f4 Bf5 
29.Rb2 Bxc2 30.Rxc2 Re4 31.Bf3 Bxf4 32.Qd1 Be3+ 33.Kh1 Rxd4 34.Qe2 Bf4 35.
Qf2 Be5 36.Rd1 Rxd1+ 37.Bxd1 a4 38.Rc1 a3 39.Bf3 Bb2 40.Rb1 Qe5 41.Qc2 a2 
42.c6 axb1=Q+ 43.Qxb1 Bc3 44.Qd3 Qe1+ 45.Kh2 Be5+ 46.g3 Qxg3+ 0-1

[Event "Nationale 4 / table2"]
[Site "?"]
[Date "2004.04.04"]
[Round "7"]
[White "Thamier, Stephan"]
[Black "Vitrou, Jonathan"]
[Result "1-0"]
[WhiteElo "1870"]
[BlackElo "1850"]
[EventDate "2004.04.04"]
[PlyCount "91"]
[WhiteTeam "Cahors"]
[BlackTeam "Condom"]

1.e4 e5 2.Bc4 Nc6 3.Nc3 Bc5 4.Nf3 d6 5.d3 Nf6 6.Bg5 h6 7.Bxf6 Qxf6 8.Nd5 
Qd8 9.h3 Be6 10.Bb5 O-O 11.Bxc6 bxc6 12.Ne3 Rb8 13.b3 Bb4+ 14.Kf1 Qd7 15.
a3 Bc3 16.Rb1 d5 17.exd5 cxd5 18.Kg1 Qe7 19.Qe2 f5 20.Nd1 Bd4 21.Nxd4 exd4
22.Qe5 c5 23.Kh2 Qf6 24.Re1 Kf7 25.Nb2 Rfe8 26.Na4 Qxe5+ 27.Rxe5 Rbc8 28.
Rbe1 c4 29.b4 cxd3 30.cxd3 g6 31.Nc5 Rc6 32.f4 Re7 33.g3 Rd6 34.Kg2 Rc6 
35.Kf3 Kf6 36.g4 Re8 37.g5+ hxg5 38.fxg5+ Kf7 39.h4 Rd6 40.h5 gxh5 41.g6+ 
Kf6 42.g7 Rc6 43.Rxe6+ Rcxe6 44.Rxe6+ Rxe6 45.g8=Q Re3+ 46.Kf4 1-0

[Event "Nationale 4 / table 7"]
[Site "?"]
[Date "2004.04.04"]
[Round "7"]
[White "Calatrava, Julian"]
[Black "Salvignac"]
[Result "1-0"]
[WhiteElo "1660"]
[BlackElo "1650"]
[EventDate "2004.??.??"]
[PlyCount "83"]
[WhiteTeam "Condom"]
[BlackTeam "Cahors"]

1.e4 e6 2.d4 d5 3.e5 c5 4.c3 Nc6 5.a3 cxd4 6.cxd4 Nge7 7.Nf3 Nf5 8.Be3 Bd7
9.Bd3 Be7 10.Nbd2 O-O 11.b4 a6 12.Qb3 Nxe3 13.fxe3 Bg5 14.h4 Bxe3 15.Bxh7+
Kxh7 16.Qxe3 Rh8 17.g4 Kg8 18.h5 Qf8 19.g5 Ne7 20.Kf2 Nf5 21.Qf4 Rc8 22.h6
Rh7 23.Rag1 g6 24.Nh4 Qe8 25.Rc1 Qd8 26.Nxf5 exf5 27.Nf3 Be6 28.Rxc8 Qxc8 
29.Rc1 Qb8 30.Rc3 Rh8 31.Ne1 Kh7 32.Nd3 b6 33.Qc1 Rc8 34.Nf4 Rxc3 35.Qxc3 
Qb7 36.b5 axb5 37.Qb4 Qc8 38.Qe7 Qc2+ 39.Ne2 Qe4 40.Qf6 Qh4+ 41.Kf1 Qh3+ 
42.Ke1 1-0

[Event "Nationale 4 / table 6"]
[Site "?"]
[Date "2004.04.04"]
[Round "7"]
[White "Daval"]
[Black "Porché"]
[Result "1-0"]
[WhiteElo "1720"]
[BlackElo "1620"]
[EventDate "2004.??.??"]
[PlyCount "35"]
[WhiteTeam "Cahors"]
[BlackTeam "Condom"]

1.e4 e5 2.Nf3 Nc6 3.d4 exd4 4.Bc4 d6 5.Nxd4 Ne5 6.Bb3 Nf6 7.Nc3 g6 8.O-O 
Bg7 9.f4 Ned7 10.f5 Nc5 11.Qf3 Nfxe4 12.Bxf7+ Kf8 13.Ne6+ Bxe6 14.fxe6 
Bd4+ 15.Be3 Bxe3+ 16.Qxe3 Nf6 17.Qh6+ Ke7 18.Qg5 1-0

[Event "Nationale 4 / table 5"]
[Site "?"]
[Date "2004.04.04"]
[Round "7"]
[White "Rauzieres, William"]
[Black "Van Hall"]
[Result "1/2-1/2"]
[WhiteElo "1830"]
[BlackElo "1690"]
[EventDate "2004.??.??"]
[PlyCount "88"]
[WhiteTeam "Condom"]
[BlackTeam "Cahors"]

1.Nf3 d5 2.g3 c6 3.Bg2 Nf6 4.b3 g6 5.Bb2 Bg7 6.O-O O-O 7.d3 Nbd7 8.Nbd2 
Qc7 9.Rc1 Re8 10.d4 b6 11.c4 e6 12.cxd5 exd5 13.Ne5 Bb7 14.f4 Rac8 15.h3 
Qb8 16.b4 c5 17.bxc5 bxc5 18.Qb3 c4 19.Qf3 Ba8 20.Bc3 Nb6 21.g4 Qc7 22.h4 
Ne4 23.g5 Nxc3 24.Qxc3 Bc6 25.h5 Bd7 26.hxg6 fxg6 27.Nxd7 Qxd7 28.Bh3 
Bxd4+ 29.Qxd4 Qxh3 30.Rf3 Qe6 31.e3 Qc6 32.Nb1 Re4 33.Qd2 Na4 34.Nc3 Nxc3 
35.Qxc3 Rce8 36.Kf2 Qc5 37.Rh1 Qb6 38.Rxh7 d4 39.Qxc4+ R4e6 40.Rfh3 dxe3+ 
41.Kf3 Qb2 42.Rh8+ Qxh8 43.Rxh8+ Kxh8 44.Ke2 R8e7 1/2-1/2

[Event "Nationale 4 / table 4"]
[Site "?"]
[Date "2004.04.04"]
[Round "7"]
[White "Van Steenbergen"]
[Black "Beaurain"]
[Result "0-1"]
[WhiteElo "1850"]
[BlackElo "1860"]
[EventDate "2004.??.??"]
[PlyCount "59"]
[WhiteTeam "Cahors"]
[BlackTeam "Condom"]

1.e4 e6 2.d4 d5 3.Nc3 Nf6 4.Bg5 dxe4 5.Nxe4 Be7 6.Bxf6 gxf6 7.Nf3 b6 8.
Bb5+ c6 9.Be2 Bb7 10.c4 Nd7 11.Rc1 f5 12.Nc3 Qc7 13.a3 O-O-O 14.Qa4 Kb8 
15.b4 Rhg8 16.Rg1 Bf6 17.Rd1 e5 18.d5 a6 19.c5 bxc5 20.bxc5 Nxc5 21.Qb4 
Be7 22.Qb2 Ka8 23.dxc6 Bxc6 24.Qc2 Rxd1+ 25.Nxd1 e4 26.Nd4 Ba4 27.Qc4 Bxd1
28.Kxd1 Rd8 29.Kc2 Qd7 30.Rd1 0-1

[Event "Nationale 4 / table 3"]
[Site "?"]
[Date "2004.04.04"]
[Round "7"]
[White "Aspinall, John"]
[Black "Canivet"]
[Result "1/2-1/2"]
[WhiteElo "1850"]
[BlackElo "1840"]
[EventDate "2004.??.??"]
[PlyCount "111"]
[WhiteTeam "Condom"]
[BlackTeam "Cahors"]

1.d3 d5 2.Nf3 Nf6 3.Nbd2 Bf5 4.c3 Nbd7 5.Nh4 Bg6 6.Nxg6 hxg6 7.e4 e5 8.b4 
Bd6 9.g3 d4 10.cxd4 Bxb4 11.Qa4 Bc3 12.Rb1 Bxd4 13.Nf3 Bc3+ 14.Bd2 Bxd2+ 
15.Kxd2 O-O 16.Qb4 b6 17.Ke3 Ng4+ 18.Ke2 Nc5 19.Qc3 Qd6 20.h3 Nh6 21.Nxe5 
Rad8 22.Kf3 f5 23.Kg2 fxe4 24.dxe4 Rxf2+ 25.Kg1 Rff8 26.Kg2 Qd2+ 27.Qxd2 
Rxd2+ 28.Kg1 Nxe4 29.Nxg6 Rf3 30.Rb3 Rxb3 31.Bc4+ Nf7 32.axb3 Rd1+ 33.Kg2 
Rxh1 34.Kxh1 Nd2 35.Bd5 c6 36.Ne7+ Kf8 37.Ng6+ Ke8 38.Bxc6+ Kd8 39.Kg2 Kc7
40.Bd5 Nd6 41.Nf4 Nf5 42.Kf2 Kd6 43.Ke1 Nxg3 44.Kxd2 g5 45.Ne6 Kxd5 46.
Nxg5 Nf5 47.Kd3 Ke5 48.Kc4 Nd6+ 49.Kd3 Kf5 50.h4 Kg4 51.Ne4 Nb7 52.b4 Kxh4
53.Kc4 Kg4 54.Kb5 Kf4 55.Ka6 Kxe4 56.Kxa7 1/2-1/2

[Event "Nationale 4 / table 1"]
[Site "?"]
[Date "2004.04.04"]
[Round "7"]
[White "Dargagnon"]
[Black "Nivat, Alain"]
[Result "1/2-1/2"]
[WhiteElo "2122"]
[BlackElo "1980"]
[EventDate "2004.??.??"]
[PlyCount "36"]
[WhiteTeam "Condom"]
[BlackTeam "Cahors"]

1.e4 e5 2.Nf3 Nc6 3.Bb5 Bc5 4.c3 f5 5.d3 fxe4 6.dxe4 Nf6 7.O-O d6 8.b4 Bb6
9.a4 a6 10.Bc4 Bg4 11.Qd3 Qe7 12.a5 Ba7 13.h3 Be6 14.Bxe6 Qxe6 15.Ng5 Qd7 
16.Be3 h6 17.Nf3 O-O 18.Nbd2 Nh5 1/2-1/2

[Event "N4"]
[Site "?"]
[Date "2004.04.05"]
[Round "7"]
[White "Pastorelli, Loic"]
[Black "Ravon, Michel"]
[Result "1-0"]
[WhiteElo "1890"]
[BlackElo "1499"]
[EventDate "2004.??.??"]
[Annotator "Muret-Montauban"]
[PlyCount "81"]

1.Nf3 d5 2.c4 e6 3.cxd5 exd5 4.e3 Nf6 5.Be2 Bd6 6.O-O O-O 7.a3 c5 8.d3 Nc6
9.Nbd2 Bg4 10.h3 Bd7 11.b3 Qc8 12.Re1 Ne5 13.Bf1 Bc6 14.Bb2 Qf5 15.Nxe5 
Bxe5 16.Bxe5 Qxe5 17.Rc1 Qd6 18.Qc2 Nd7 19.e4 d4 20.Nc4 Qc7 21.Qd2 h6 22.
b4 b6 23.bxc5 Nxc5 24.Qb2 Rad8 25.Qb4 Qf4 26.Nxb6 Na6 27.Qa5 Bb7 28.Nc4 
Rc8 29.Qd2 Qf6 30.Na5 Ba8 31.Rc4 Rxc4 32.Nxc4 Nc5 33.Rb1 Na4 34.Rb5 Nc3 
35.Rf5 Qd8 36.Rf3 f6 37.Rg3 Kh7 38.Qf4 g5 39.Qf5+ Kg7 40.h4 Kh8 41.Qg6 1-0

[Event "Régionale 1"]
[Site "?"]
[Date "2004.05.23"]
[Round "8"]
[White "Oriot, Patrice"]
[Black "Raynaud, Pascal"]
[Result "1-0"]
[WhiteElo "2090"]
[BlackElo "1690"]
[EventDate "2004.05.23"]
[PlyCount "83"]

1.e4 d6 2.d4 Nf6 3.Nc3 c6 4.f3 Nbd7 5.Bc4 e5 6.Nge2 g6 7.Bb3 exd4 8.Nxd4 
Nc5 9.Bg5 Nxb3 10.axb3 Bg7 11.Qd2 h6 12.Be3 d5 13.exd5 Nxd5 14.Nxd5 Qxd5 
15.O-O-O c5 16.Nb5 Qxd2+ 17.Rxd2 Be5 18.Rd5 f6 19.Bxc5 Kf7 20.Re1 Be6 21.
Rdxe5 fxe5 22.Rxe5 Rhd8 23.Nc7 Re8 24.Nxe8 Rxe8 25.Bxa7 Ra8 26.Be3 Ra1+ 
27.Kd2 Rh1 28.h3 $138 Rh2 29.Bxh6 Bxh3 30.Re2 Be6 31.Bf4 Rh5 32.Be5 Ke7 
33.c4 Kd7 34.Kc3 Rh1 35.Rd2+ Ke7 36.Kb4 Bd7 37.Kc5 Rh5 38.Re2 Ke6 39.f4 
Kf5 40.Kb6 Bc6 41.b4 Rh2 42.g4+ 1-0

[Event "Régionale 1"]
[Site "?"]
[Date "2004.05.24"]
[Round "8"]
[White "Rouveret, Philippe"]
[Black "Ribou, Jacques"]
[Result "0-1"]
[WhiteElo "1720"]
[BlackElo "1850"]
[EventDate "2004.05.23"]
[PlyCount "118"]

1.d4 d5 2.e4 e6 3.e5 c5 4.c3 Nc6 5.Nf3 Qb6 6.Bd3 Bd7 7.O-O cxd4 8.cxd4 
Nxd4 9.Nxd4 Qxd4 10.Qe2 a6 11.Nc3 Bb4 12.Be3 Qxe5 13.f4 Qd6 14.Bd4 Bc5 15.
Bxc5 Qxc5+ 16.Kh1 Nf6 17.Qe5 Rc8 18.Qg5 Rg8 19.Qg3 Qd6 20.Rad1 Kf8 21.Bb1 
Bc6 22.Ne2 Bb5 23.Qf3 g6 24.Rfe1 Bxe2 25.Rxe2 Rc4 26.g3 Kg7 27.b3 Rc5 28.
Qd3 d4 29.b4 Rc7 30.a3 Rgc8 31.Qf3 Rc1 32.Rd2 Rxd1+ 33.Rxd1 Qd5 34.Kg2 
Qxf3+ 35.Kxf3 Rc3+ 36.Rd3 Rxd3+ 37.Bxd3 Kf8 38.g4 h6 39.h4 Ke7 40.h5 gxh5 
41.gxh5 Kd6 42.a4 e5 43.fxe5+ Kxe5 44.Bc4 Nxh5 45.Bxf7 Nf6 46.Bc4 Nd5 47.
b5 axb5 48.axb5 b6 49.Bd3 Nc3 50.Kg4 Kd5 51.Kh5 Kc5 52.Kxh6 Nxb5 53.Kg5 
Na3 54.Kf4 Kb4 55.Kf3 Kc3 56.Ke2 b5 57.Bf5 b4 58.Kd1 d3 59.Be6 b3 0-1

[Event "Régionale 1"]
[Site "?"]
[Date "2004.05.24"]
[Round "8"]
[White "Rolle, Pascal"]
[Black "Cordier, Michel"]
[Result "1-0"]
[WhiteElo "1599"]
[BlackElo "1490"]
[EventDate "2004.05.23"]
[PlyCount "95"]

1.e4 d6 2.Nc3 Nf6 3.d4 g6 4.Bc4 Bg7 5.Nf3 Bg4 6.h3 Bxf3 7.Qxf3 e6 8.e5 
dxe5 9.dxe5 Ng8 10.Qxb7 Nd7 11.Bb5 Bxe5 12.Bxd7+ Kxd7 13.Qb5+ Ke7 14.Qxe5 
f6 15.Qc5+ Kf7 16.O-O Ne7 17.Bf4 e5 18.Rad1 Qc8 19.Bh6 Re8 20.Nb5 Rb8 21.
Qc4+ Qe6 22.Qxe6+ Kxe6 23.Nxc7+ Kf7 24.Nxe8 Kxe8 25.b3 Nf5 26.Be3 a6 27.
Rd2 Ne7 28.Rfd1 Nc6 29.Rd6 Nd4 30.Bxd4 exd4 31.Rxf6 Ke7 32.Rxa6 Rd8 33.
Ra7+ Kf6 34.Rxh7 Rd6 35.Rh4 Rc6 36.Rhxd4 Rxc2 37.R1d2 Rc1+ 38.Kh2 Rc3 39.
h4 Kf5 40.g4+ Kf6 41.f4 Rf3 42.Rd6+ Kg7 43.g5 Rxf4 44.Rd7+ Kf8 45.Ra7 Ke8 
46.Rdd7 Rxh4+ 47.Kg3 Re4 48.Rh7 1-0

[Event "Régionale 1"]
[Site "?"]
[Date "2004.05.24"]
[Round "8"]
[White "Ponsolle, René"]
[Black "Lezaud, Pascal"]
[Result "0-1"]
[WhiteElo "1510"]
[BlackElo "1450"]
[EventDate "2004.05.23"]
[PlyCount "100"]

1.e4 c5 2.Nf3 Nc6 3.d4 cxd4 4.Nxd4 Nf6 5.Nc3 e5 6.Nf3 Bb4 7.Bd3 d5 8.O-O 
Bxc3 9.bxc3 dxe4 10.Bb5 exf3 11.Qxf3 O-O 12.Bg5 e4 13.Qe2 Bf5 14.Qe3 Ne5 
15.Qf4 Qd5 16.Be2 Ng6 17.Qc1 Rfe8 18.Bxf6 gxf6 19.g4 Be6 20.h3 Kg7 21.Qe3 
b6 22.f4 f5 23.Kh2 Rac8 24.gxf5 Bxf5 25.Rg1 Qc5 26.Qxc5 Rxc5 27.Rg3 Kf6 
28.Rf1 e3 29.Bd3 e2 30.Re1 Bxd3 31.Rxd3 Nxf4 32.Rf3 Rc4 33.Kg3 Rg8+ 34.Kf2
Rg2+ 35.Ke3 Ke5 36.Kd2 Re4 37.h4 f5 38.a3 Kd5 39.h5 Kc4 40.Rd3 Nd5 41.Rf3 
f4 42.a4 h6 43.Rd3 Rf2 44.Rd4+ Rxd4+ 45.cxd4 f3 46.c3 a5 47.Rg1 Rh2 48.Ke1
Kxc3 49.Rg3 Rh1+ 50.Kf2 Rf1# 0-1

[Event "Régionale 1"]
[Site "?"]
[Date "2004.05.24"]
[Round "8"]
[White "Condeminas, Christian"]
[Black "Damiano, Hervé"]
[Result "0-1"]
[WhiteElo "1690"]
[BlackElo "1700"]
[EventDate "2004.05.23"]
[PlyCount "128"]

1.e4 c5 2.c3 d5 3.exd5 Qxd5 4.d4 cxd4 5.Nf3 Nc6 6.cxd4 e5 7.Nc3 Bb4 8.Bd2 
Bxc3 9.Bxc3 e4 10.Ne5 Nxe5 11.dxe5 Ne7 12.Qa4+ Bd7 13.Qb4 a5 14.Qd6 Qe6 
15.Rd1 Nf5 16.Qd5 Qxd5 17.Rxd5 Be6 18.Rd2 O-O 19.a3 e3 20.fxe3 Nxe3 21.h3 
Bc4 22.Kf2 Nxf1 23.Rxf1 Bxf1 24.Kxf1 a4 25.Rd7 Rab8 26.Kf2 Rfd8 27.Rc7 Re8
28.Kf3 Re6 29.Kf4 Kf8 30.g3 Kg8 31.Rd7 b5 32.Rd5 Rc6 33.Rd4 Rc4 34.Rxc4 
bxc4 35.Ke4 Rd8 36.Bd4 Kf8 37.Bc5+ Ke8 38.Bd6 f6 39.Kd5 fxe5 40.Kxe5 Kf7 
41.h4 Re8+ 42.Kd4 Re2 43.Kc3 Ke6 44.Bf4 Kf5 45.Bc1 Kg4 46.Bf4 h6 47.Bd6 g5
48.hxg5 hxg5 49.Bc7 Kf3 50.Bb8 g4 51.Bd6 Re3+ 52.Kxc4 Rb3 53.Be5 Ke4 54.
Bc3 Kf3 55.Be5 Kf2 56.Kc5 Rxg3 57.Bxg3+ Kxg3 58.Kb5 Kf4 59.Kxa4 g3 60.Kb5 
g2 61.a4 g1=Q 62.a5 Qg5+ 63.Ka4 Qf6 64.b4 Qc6+ 0-1

[Event "Régionale 1"]
[Site "?"]
[Date "2004.05.24"]
[Round "8"]
[White "Blond, Jérémie"]
[Black "David, Philippe"]
[Result "0-1"]
[WhiteElo "1199"]
[BlackElo "1300"]
[EventDate "2004.05.23"]
[PlyCount "86"]

1.e4 d5 2.e5 Bf5 3.d4 e6 4.Ne2 Nc6 5.c3 Bg6 6.Ng3 Be7 7.Nd2 f5 8.Nf3 Bh4 
9.Ne2 h6 10.g3 Bg5 11.h4 Bxc1 12.Qxc1 Bh5 13.Bg2 Qd7 14.Nf4 O-O-O 15.Nxh5 
g6 16.Nf4 Nge7 17.h5 g5 18.Ng6 Nxg6 19.hxg6 Rdg8 20.Bf1 Rxg6 21.Bb5 Qg7 
22.Nh2 f4 23.g4 h5 24.Nf3 hxg4 25.Rxh8+ Qxh8 26.Nxg5 Rxg5 27.Qxf4 Rf5 28.
Qxg4 Qh1+ 29.Bf1 Rh5 30.Qg2 Qh4 31.O-O-O Qf4+ 32.Rd2 b6 33.Be2 Rh2 34.Qg3 
Rh1+ 35.Kc2 Qh6 36.Ba6+ Kd7 37.Bb5 Rh3 38.Qg8 Rf3 39.Be2 Rxf2 40.Qg3 Rh2 
41.Qf3 Ke7 42.Kd1 Qg6 43.Bf1 Qb1# 0-1

[Event "R1 Ste Foy-Libre echiquier Muret"]
[Site "Muret CD"]
[Date "2004.10.09"]
[Round "1.6"]
[White "NN"]
[Black "Trier, Marc"]
[Result "0-1"]
[WhiteElo "1290"]
[BlackElo "1490"]
[EventDate "2004.??.??"]
[PlyCount "70"]

1.e4 c5 2.Nf3 Nc6 3.c3 d6 4.Be2 Nf6 5.d3 g6 6.O-O Bg7 7.Ng5 O-O 8.f4 e6 9.
Nd2 b5 10.Ndf3 h6 11.Nh3 Nh7 12.Nf2 a5 13.a4 b4 14.Bd2 Rb8 15.Rb1 Bd7 16.
Ng4 Qc7 17.Nh4 f5 18.Nf2 Nf6 19.Nxg6 Rfe8 20.Qb3 bxc3 21.Qxc3 Nxe4 22.Qc2 
Nxd2 23.Qxd2 e5 24.Bh5 Re6 25.Nh4 Be8 26.Qe2 Nd4 27.Qd1 Bxa4 28.Qxa4 exf4 
29.Qc4 Qd7 30.Bg6 Kh8 31.Bxf5 Nxf5 32.Nxf5 Rbe8 33.Qxf4 Rf8 34.Qg4 Ref6 
35.Ne4 Rxf5 0-1

[Event "R1 Ste Foy-Libre echiquier Muret"]
[Site "Muret CD"]
[Date "2004.10.09"]
[Round "1.5"]
[White "Lamata, Fabrice"]
[Black "NN"]
[Result "1-0"]
[WhiteElo "1410"]
[BlackElo "1410"]
[EventDate "2004.??.??"]
[PlyCount "71"]

1.c4 d6 2.Nf3 e6 3.Nc3 g6 4.e4 Bg7 5.d4 Ne7 6.Be3 O-O 7.Qd2 Nbc6 8.Bh6 e5 
9.d5 Nd4 10.Nxd4 exd4 11.Ne2 Qe8 12.Bxg7 Kxg7 13.Qxd4+ f6 14.Nf4 Bd7 15.
Bd3 Kg8 16.h4 Nf5 17.Qc3 Qe5 18.Qxe5 fxe5 19.Ne2 Nd4 20.Nxd4 exd4 21.h5 g5
22.f3 h6 23.O-O-O a6 24.Rhf1 b5 25.g3 b4 26.f4 Bg4 27.Rde1 a5 28.fxg5 Kg7 
29.gxh6+ Kxh6 30.Rh1 Rf4 31.Rh4 Raf8 32.Rxg4 Kxh5 33.Rh4+ Kg5 34.Be2 a4 
35.Rg4+ Kh6 36.Rh1# 1-0

[Event "R1 Ste Foy-Libre echiquier Muret"]
[Site "Muret CD"]
[Date "2004.10.09"]
[Round "1.4"]
[White "NN"]
[Black "Sicret, Francis"]
[Result "1-0"]
[WhiteElo "1499"]
[BlackElo "1600"]
[EventDate "2004.??.??"]
[PlyCount "104"]

1.d4 g6 2.Nf3 d5 3.c4 Nf6 4.Nc3 Bg7 5.e3 O-O 6.Be2 a6 7.a4 c6 8.b3 c5 9.
O-O cxd4 10.exd4 e6 11.Bd3 Nc6 12.Bb1 dxc4 13.bxc4 Re8 14.Re1 Qc7 15.Ne2 
Ng4 16.Bf4 e5 17.dxe5 Ncxe5 18.Nxe5 Nxe5 19.Ba2 Qc6 20.Nd4 Qc5 21.Be3 Qc7 
22.Bf4 h5 23.h3 Bf5 24.Nxf5 gxf5 25.Qxh5 Qc6 26.Bxe5 Rxe5 27.Rxe5 Bxe5 28.
Re1 Qf6 29.Bb1 Re8 30.Kh1 Rd8 31.Qxf5 Qxf5 32.Bxf5 Bc7 33.Be4 Rd4 34.Bxb7 
Rxc4 35.Bxa6 Rxa4 36.Bb7 Ra2 37.Rf1 Bb6 38.Kg1 Rb2 39.g3 Bxf2+ 40.Rxf2 
Rxb7 41.Kg2 Rb6 42.h4 Rg6 43.Kh3 Kg7 44.Rf4 f6 45.Rg4 Rxg4 46.Kxg4 Kg6 47.
Kf4 f5 48.Ke5 Kh5 49.Kxf5 Kh6 50.g4 Kh7 51.g5 Kg7 52.h5 Kf7 1-0

[Event "R1 Ste Foy-Libre echiquier Muret"]
[Site "Muret CD"]
[Date "2004.10.09"]
[Round "1.3"]
[White "Ajdari, Emmanuel"]
[Black "NN"]
[Result "1-0"]
[WhiteElo "1680"]
[BlackElo "1499"]
[EventDate "2004.??.??"]
[PlyCount "95"]

1.e4 e5 2.Nf3 Nc6 3.Bc4 Nf6 4.Ng5 d5 5.exd5 Nxd5 6.d4 Nxd4 7.c3 Ne6 8.Qxd5
Qxd5 9.Bxd5 Be7 10.Nxe6 fxe6 11.Bb3 Bd7 12.Be3 b6 13.Nd2 O-O-O 14.O-O-O 
Kb8 15.Ne4 h6 16.Rd2 Bc6 17.f3 Bd5 18.c4 Bc6 19.Rxd8+ Rxd8 20.Rd1 Rxd1+ 
21.Kxd1 Bb7 22.a3 g5 23.Ba2 g4 24.Bxh6 gxf3 25.gxf3 Bc6 26.Ke2 b5 27.cxb5 
Bxb5+ 28.Ke3 Bd7 29.Bg5 Bxg5+ 30.Nxg5 Kc8 31.Bxe6 Bxe6 32.Nxe6 Kd7 33.Ng5 
c5 34.Ke4 Kc6 35.h4 Kb5 36.h5 c4 37.Kxe5 Ka4 38.Kd4 Kb3 39.h6 a5 40.h7 
Kxb2 41.Kxc4 Kxa3 42.h8=Q a4 43.Qc3+ Ka2 44.Kb4 a3 45.Qxa3+ Kb1 46.Qc3 Ka2
47.Qd2+ Ka1 48.Kb3 1-0

[Event "R1 Ste Foy-Libre echiquier Muret"]
[Site "Muret CD"]
[Date "2004.10.09"]
[Round "1.2"]
[White "NN"]
[Black "Boulogne, Laurent"]
[Result "0-1"]
[WhiteElo "1499"]
[BlackElo "1790"]
[EventDate "2004.??.??"]
[PlyCount "100"]

1.e4 c5 2.Bc4 Nc6 3.Nf3 e6 4.Nc3 Na5 5.Be2 a6 6.e5 d5 7.d4 cxd4 8.Nxd4 Nc6
9.Nxc6 bxc6 10.O-O Bc5 11.Na4 Ba7 12.Bf3 Qc7 13.Re1 Ne7 14.Bf4 O-O 15.c3 
a5 16.Qd2 Bd7 17.Bd1 c5 18.b3 Bc6 19.Bc2 Ng6 20.Bg3 Rad8 21.Qg5 Qe7 22.Qg4
f5 23.exf6 Rxf6 24.Be5 Nxe5 25.Rxe5 g6 26.Rae1 Bd7 27.Rxd5 exd5 28.Rxe7 
Bxg4 29.Rxa7 d4 30.Bd3 dxc3 31.Bc2 Rd2 32.f3 Rxc2 33.Nxc5 Rxa2 34.Ne4 Re6 
35.Ra8+ Kg7 36.Ra7+ Kh6 37.h3 Bf5 38.Nxc3 Rc2 39.Nd5 Bxh3 40.Nf4 Re1+ 41.
Kh2 Bxg2 42.Nxg2 Ree2 43.Rxa5 Rxg2+ 44.Kh3 Rg5 45.Ra4 Rc3 46.Rh4+ Rh5 47.
b4 Rxf3+ 48.Kg4 Rf4+ 49.Kxf4 Rxh4+ 50.Ke5 Rxb4 0-1